[Event "FIN-chT 1213"]
[Site "Finland"]
[Date "2013.02.09"]
[Round "10.6"]
[White "Maki, Veijo"]
[Black "Hamalainen, Sami"]
[Result "1-0"]
[WhiteElo "2383"]
[BlackElo "2257"]
[PlyCount "91"]
[EventDate "2012.09.28"]
[EventType "team-tourn"]
[EventRounds "11"]
[EventCountry "FIN"]
[SourceTitle "EXT 2014"]
[Source "ChessBase"]
[SourceDate "2013.11.20"]
[SourceVersion "1"]
[SourceVersionDate "2013.11.20"]
[SourceQuality "1"]
[WhiteTeam "Tammer Shakki"]
[BlackTeam "Vantaa"]
[WhiteTeamCountry "FIN"]
[BlackTeamCountry "FIN"]

1. e4 e5 2. Nf3 Nc6 3. Bb5 a6 4. Ba4 Nf6 5. 0-0 Nxe4 6. d4 exd4 7. Re1 d5 8. Nxd4 Bd6 9. Nxc6 Bxh2+ 10. Kh1 Qh4 11. Rxe4+ dxe4 12. Qd8+ Qxd8 13. Nxd8+ Kxd8 14. Kxh2 Be6 15. Bf4 c5 16. c3 Ke7 17. Nd2 f5 18. f3 exf3 19. Nxf3 h6 20. Re1 Kf7 21. Bd6 b5 22. Bc2 Rac8 23. Re5 c4 24. a4 Rhd8 25. Bb4 Rd5 26. Re2 Re8 27. axb5 axb5 28. Nd4 Bd7 29. Rf2 Kf6 30. g4 g6 31. Ba5 Ra8 32. Bc7 Rc8 33. Bg3 Re8 34. gxf5 gxf5 35. Bh4+ Kg6 36. Ne2 Kf7 37. Ng3 Kg6 38. Rg2 Kf7 39. Nh5 Bc6 40. Rf2 Bd7 41. Nf6 Ree5 42. Nxd7 Rxd7 43. Bxf5 Ra7 44. Bh7+ Ke6 45. Bg8+ Kd6 46. Rf6+ 1-0

[Event "FIN-chT 1213"]
[Site "Finland"]
[Date "2012.11.17"]
[Round "6.5"]
[White "Hamalainen, Sami"]
[Black "Kononen, Keijo"]
[Result "1-0"]
[WhiteElo "2257"]
[BlackElo "2236"]
[PlyCount "61"]
[EventDate "2012.09.28"]
[EventType "team-tourn"]
[EventRounds "11"]
[EventCountry "FIN"]
[SourceTitle "CBM 151 Extra"]
[Source "ChessBase"]
[SourceDate "2012.12.18"]
[SourceVersion "1"]
[SourceVersionDate "2012.12.18"]
[SourceQuality "1"]
[WhiteTeam "Vantaa"]
[BlackTeam "Oulu OSS"]
[WhiteTeamCountry "FIN"]
[BlackTeamCountry "FIN"]

1. e4 c5 2. f4 e6 3. Nf3 d5 4. Bb5+ Bd7 5. Bxd7+ Qxd7 6. d3 Nc6 7. Nc3 Nge7 8. 0-0 g6 9. Qe1 Bg7 10. Qh4 0-0-0 11. a4 b6 12. Qf2 Kb7 13. Kh1 h6 14. Bd2 f5 15. e5 a6 16. a5 Nxa5 17. Na4 Nac6 18. b4 d4 19. bxc5 b5 20. Nb6 Qc7 21. Rfb1 Nc8 22. Nc4 Rd5 23. c3 Rxc5 24. Nxd4 Nxd4 25. cxd4 Rd5 26. Na5+ Ka8 27. Rc1 Qd7 28. Rc6 Na7 29. Rxa6 Rc8 30. Nb3 Rc7 31. Bb4 1-0

[Event "FIN-chT 1112"]
[Site "Finland"]
[Date "2012.02.12"]
[Round "9.3"]
[White "Hamalainen, Sami"]
[Black "Lehti, Juhani"]
[Result "0-1"]
[WhiteElo "2266"]
[BlackElo "2233"]
[PlyCount "108"]
[EventDate "2011.09.17"]
[EventType "team-tourn"]
[EventRounds "11"]
[EventCountry "FIN"]
[SourceTitle "EXT 2013"]
[Source "ChessBase"]
[SourceDate "2012.11.22"]
[SourceVersion "1"]
[SourceVersionDate "2012.11.22"]
[SourceQuality "1"]
[WhiteTeam "Vantaa"]
[BlackTeam "Helsinki SSK"]
[WhiteTeamCountry "FIN"]
[BlackTeamCountry "FIN"]

1. e4 e5 2. Nf3 Nc6 3. d4 exd4 4. Bc4 Bb4+ 5. c3 dxc3 6. 0-0 d6 7. Qb3 Qe7 8. Nxc3 Bxc3 9. bxc3 Nf6 10. e5 Nxe5 11. Nxe5 dxe5 12. Ba3 c5 13. Bb5+ Nd7 14. Rad1 0-0 15. Bxd7 Bxd7 16. Qxb7 Rfd8 17. Rd5 Qe8 18. Bxc5 Bc6 19. Rxd8 Bxb7 20. Rxe8+ Rxe8 21. Bxa7 Ra8 22. Rd1 h6 23. Bc5 Rxa2 24. Rd8+ Kh7 25. h3 Ba6 26. Ra8 Bc4 27. Re8 Rc2 28. Bb4 Be6 29. Rd8 Kg6 30. Rd3 f5 31. Rd6 Kf7 32. Rc6 Rc1+ 33. Kh2 Rd1 34. Bd6 Bd7 35. Rb6 Rd2 36. Kg1 Rd1+ 37. Kh2 Rd2 38. f3 e4 39. fxe4 fxe4 40. Bf4 Rc2 41. Rb7 Ke6 42. Rc7 g5 43. Be3 Bb5 44. Kg1 Re2 45. Bd4 e3 46. Rh7 Re1+ 47. Kh2 e2 48. Rxh6+ Kf7 49. Bf2 Rf1 50. Kg3 e1Q 51. Bxe1 Rxe1 52. Kg4 Re5 53. Rh7+ Kg6 54. Rc7 Re3 0-1

[Event "FIN-chT 1112"]
[Site "Finland"]
[Date "2011.10.16"]
[Round "4.5"]
[White "Paakkonen, Timo"]
[Black "Hamalainen, Sami"]
[Result "1-0"]
[WhiteElo "2277"]
[BlackElo "2266"]
[PlyCount "71"]
[EventDate "2011.09.17"]
[EventType "team-tourn"]
[EventRounds "11"]
[EventCountry "FIN"]
[SourceTitle "CBM 144 Extra"]
[Source "ChessBase"]
[SourceDate "2011.10.28"]
[SourceVersion "1"]
[SourceVersionDate "2011.10.28"]
[SourceQuality "1"]
[WhiteTeam "Porvoo Velhot"]
[BlackTeam "Vantaa"]
[WhiteTeamCountry "FIN"]
[BlackTeamCountry "FIN"]

1. e4 c5 2. Nc3 Nc6 3. Nge2 Nf6 4. g3 g6 5. Bg2 Bg7 6. 0-0 0-0 7. h3 e5 8. d3 h6 9. f4 d6 10. Be3 Nd4 11. Qd2 Kh7 12. g4 Bxg4 13. hxg4 Nxg4 14. Bxd4 cxd4 15. Nd5 f5 16. Qe1 Rc8 17. Rc1 Qe8 18. Bh3 exf4 19. Nexf4 Be5 20. exf5 gxf5 21. Qh4 Rg8 22. Qe7+ Rg7 23. Qxe8 Rxe8 24. Kh1 Reg8 25. Rf3 Rg5 26. Re1 h5 27. Ne6 R5g6 28. Nef4 Rg5 29. c3 dxc3 30. bxc3 Bxf4 31. Rxf4 Ne5 32. Nf6+ Kg7 33. Nxg8 Nxd3 34. Re7+ Kxg8 35. Rxf5 Rg3 36. Bg2 1-0